Statistiques concernant Pays avec le plus d'ambassades à l'étranger

Cliquez ici pour prendre le quiz!

Statistiques générales

  • Ce quiz a été pris 217 fois
  • Le résultat moyen est 13 sur 15

Statistiques - réponses

#Pays% Correct
169Chine
100%
168Etats-Unis
100%
161France
99%
149Royaume-Uni
98%
150Allemagne
97%
115Espagne
97%
151Japon
96%
144Russie
96%
138Brésil
94%
122Italie
94%
114Corée du Sud
80%
103Suisse
76%
140Turquie
70%
107Pays-Bas
68%
106Afrique du Sud
61%

Distribution des résultats

Percentile par nombre de réponses

% des personnes avec chaque résultat

Votre développement - résultats

Vous n’avez pas pris ce quiz